000
00277nam a2200097Ia 4500
005
20250424112912.0
008
250424s9999 xx 000 0 und d
300
_a
ii, 86 p. :ill. ; 28 cm.
650
_a
Medicine--Abstracts. [from old catalog] Medicine--Periodicals.
942
_c
SR
999
_c
37785
_d
37785